Т. 93, вып. 2; Журнал общей химии

গ্রন্থ-পঞ্জীর বিবরন
Parent link:Российская академия наук. Журнал общей химии=Russian Journal of General Chemistry/ Российская академия наук (РАН) ; Отделение химии и наук о материалах РАН. Т. 93, вып. 2.— .— Санкт-Петербург: Наука, 1931-.— 0044-460X
সংক্ষিপ্ত:Текстовый файл
ভাষা:রুশ
প্রকাশিত: 2023
অনলাইন ব্যবহার করুন:https://sciencejournals.ru/view-issue/?j=obkhim&y=2023&v=93&n=2
বিন্যাস: বৈদ্যুতিক গ্রন্থ
KOHA link:https://koha.lib.tpu.ru/cgi-bin/koha/opac-detail.pl?biblionumber=590296

MARC

LEADER 00000nam2a2200000 4500
001 590296
005 20240312161703.0
035 |a (RuTPU)RU\TPU\prd\293060 
035 |a RU\TPU\prd\293059 
090 |a 590296 
100 |a 20230610d2023 k||y0rusy50 ca 
101 0 |a rus 
102 |a RU 
105 |a a ||z 001yy 
135 |a drcn ---uucaa 
181 0 |a i   |b  e  
182 0 |a b 
183 |a cr  |2 RDAcarrier 
200 0 |a Т. 93, вып. 2 
203 |a Текст  |c электронный  |b визуальный 
210 |d 2023 
283 |a online_resource  |2 RDAcarrier 
320 |a Библиография в конце статей 
336 |a Текстовый файл 
461 1 |0 379746  |t Журнал общей химии  |f Российская академия наук (РАН) ; Отделение химии и наук о материалах РАН  |v Т. 93, вып. 2  |d 1931-  |9 379746  |a Российская академия наук  |c Санкт-Петербург  |l Russian Journal of General Chemistry  |n Наука  |x 0044-460X 
801 0 |a RU  |b 63413507  |c 20010227  |g PSBO 
801 1 |a RU  |b 63413507  |c 20170201 
801 2 |a RU  |b 63413507  |c 20230610  |g RCR 
801 2 |a RU  |b 63413507  |c 20240312  |g RCR 
856 4 0 |u https://sciencejournals.ru/view-issue/?j=obkhim&y=2023&v=93&n=2  |z https://sciencejournals.ru/view-issue/?j=obkhim&y=2023&v=93&n=2 
942 |c CR